Statistics for Random Movie Quotes #1

Click here to take the quiz!

General Stats

  • This quiz has been taken 43,448 times
    (22,278 since last reset)
  • The average score is 8 of 17

Answer Stats

QuoteMovie% Correct
One ring to rule them all. One ring to find them.
One ring to bring them all and in the darkness bind them
Lord of the Rings:
The Fellowship of the Ring
95%
SupercalifragilisticexpialidociousMary Poppins
84%
No Sicilian can ever refuse a request on his daughter's wedding dayThe Godfather
82%
Shall we shag now, or shall we shag later?Austin Powers:
International Man of Mystery
60%
You talkin' to me? You talkin' to me?Taxi Driver
60%
I love the smell of napalm in the morningApocalypse Now
54%
You've got to ask yourself one question: "Do I feel lucky?" Well, do ya, punk?Dirty Harry
51%
But what we found out is that each one of us is a brain...
and an athlete… and a basket case… and a princess… and a criminal
The Breakfast Club
51%
O captain, my captain!Dead Poets Society
49%
You'll shoot your eye outA Christmas Story
36%
Have you ever danced with the devil in the pale moonlight?Batman
27%
Whatever I feel like I wanna do. Gosh!  Napoleon Dynamite
26%
What is your major malfunction?Full Metal Jacket
24%
Why don't you just go HOME?
That's your HOME! Are you too good for your HOME?
Happy Gilmore
23%
Love means never having to say you're sorryLove Story
21%
I'm as mad as hell, and I'm not going to take this anymore!Network
17%
Coffee's for closersGlengarry Glen Ross
14%

Score Distribution

Percentile by Number Answered

Percent of People with Each Score

Your Score History

You have not taken this quiz since the last reset